Shakespeare Character by Lines Quiz Stats

 Plays Quiz Updated Nov 23, 2018

     
Support Sporcle.
Go Orange.
Score 0/20 Timer 05:00
0 Plays Today
Number of lines Character % Correct
358Hamlet
92.3%
163Romeo
90.3%
274Othello
72%
188Lear
59.4%
377Henry V
56.7%
415Richard III
47%
272Iago
42.8%
183Henry VI
42.7%
253Mark Antony
34.2%
194Brutus
30.3%
Number of lines Character % Correct
204Cleopatra
30.2%
471Falstaff
26.6%
165Desdemona
17.9%
201Rosalind
11.6%
210Timon
11.3%
189Coriolanus
10.9%
169Queen Margaret
3.3%
159Biron
2%
194Vincentio
1.6%
162Menenius Agrippa
1%

From the Vault

Biblical Figures by Haiku

by folio1701

We'd actually like to see a Bible re-written as haiku.
Remove Ads.
Support Sporcle.
Get the best of Sporcle when you Go Orange. This ad-free experience offers more features, more stats, and more fun while also helping to support Sporcle. Thank you for becoming a member.

Show Comments

Extras

Top Quizzes Today


Score Distribution

Your Account Isn't Verified!

In order to create a playlist on Sporcle, you need to verify the email address you used during registration. Go to your Sporcle Settings to finish the process.

Report this User

Report this user for behavior that violates our Community Guidelines.

Details: